[Event "Amagermesterskabet 2009"]
[Site "Sundbyoster"]
[Date "2009.09.01"]
[Round "1"]
[White "Falkesgaard, Jorgen"]
[Black "Petersen, Nils"]
[Result "0-1"]
[WhiteElo "1773"]
[BlackElo "1845"]
[PlyCount "92"]
[EventDate "2009.??.??"]

1. e4 c5 2. Nf3 e6 3. c3 d5 4. exd5 exd5 5. d4 Nc6 6. Bb5 a6 7. Bxc6+ bxc6 8.
Be3 c4 9. b4 Nf6 10. Nbd2 Bd6 11. O-O O-O 12. Ne5 Qc7 13. f4 Bf5 14. g4 Bxe5
15. gxf5 Bd6 16. Rf3 Ng4 17. Nf1 Nxe3 18. Nxe3 Bxf4 19. f6 Bxe3+ 20. Rxe3 Qf4
21. Rf3 Qg4+ 22. Rg3 Qxd1+ 23. Rxd1 g6 24. Re3 Rfe8 25. Rde1 Kf8 26. Re7 h6 27.
Kf2 Rxe7 28. Rxe7 a5 29. bxa5 Rxa5 30. Re2 Ra3 31. Rb2 Ke8 32. Re2+ Kf8 33. Rb2
Kg8 34. Rb8+ Kh7 35. Rb7 g5 36. Rxf7+ Kg6 37. Rc7 Rxa2+ 38. Kg3 Kxf6 39. Rxc6+
Kf5 40. Rxh6 Rc2 41. Rd6 Rxc3+ 42. Kf2 Ke4 43. Rg6 Rf3+ 44. Ke2 Rf5 45. h3 Kxd4
46. h4 Re5+ 0-1

[Event "Amagermesterskabet 2009"]
[Site "Sundbyoster"]
[Date "2009.09.01"]
[Round "1"]
[White "Friis, Jordy"]
[Black "Nielsen, Mogens Bach"]
[Result "1/2-1/2"]
[WhiteElo "1548"]
[BlackElo "1831"]
[PlyCount "127"]
[EventDate "2009.??.??"]

1. e4 Nf6 2. e5 Nd5 3. d4 d6 4. c4 Nb6 5. exd6 cxd6 6. Nc3 g6 7. Be3 Bg7 8. Rc1
O-O 9. b3 N8d7 10. c5 dxc5 11. dxc5 Bxc3+ 12. Rxc3 Qc7 13. Qd2 Nd5 14. Qxd5 Nf6
15. Qd1 Bg4 16. Be2 Rad8 17. Qc2 Bf5 18. Bd3 Nd5 19. Bxf5 Nxc3 20. Qxc3 e5 21.
Bc2 Kg7 22. Nf3 f6 23. O-O b6 24. b4 Rc8 25. Rd1 bxc5 26. Bxc5 a5 27. a3 Rfe8
28. Ba4 Red8 29. Rxd8 Qxd8 30. h3 axb4 31. axb4 Ra8 32. Bb3 Qe8 33. Kh2 h5 34.
Qc4 e4 35. Nd4 Qe5+ 36. g3 h4 37. Ne6+ Kh6 38. Be3+ g5 39. b5 hxg3+ 40. fxg3
Qb2+ 41. Qc2 Ra2 42. Kg1 Ra1+ 43. Kf2 Ra2 44. Ke1 Ra1+ 45. Kd2 Qa3 46. b6 Rh1
47. Kc3 Qa5+ 48. Kc4 Rf1 49. Qxe4 Qa6+ 50. Kb4 Ra1 51. Qf5 Qa3+ 52. Kc3 Rc1+
53. Bxc1 Qxc1+ 54. Kb4 Qd2+ 55. Kc4 Qe2+ 56. Kb4 Qd2+ 57. Ka4 Qd7+ 58. Ka5 Qd2+
59. Ka6 Qc3 60. Bd5 g4 61. hxg4 Qc8+ 62. b7 Qxb7+ 63. Ka5 Qb4+ 64. Kxb4 1/2-1/2

[Event "Amagermesterskabet 2009"]
[Site "Sundbyoster"]
[Date "2009.09.01"]
[Round "1"]
[White "Hestehauge, Klaus"]
[Black "Andreasen, Rene"]
[Result "1-0"]
[WhiteElo "1925"]
[BlackElo "1769"]
[PlyCount "38"]
[EventDate "2009.??.??"]

1. d4 c6 2. Nf3 d5 3. c3 e6 4. Bf4 Qb6 5. Qc2 c5 6. e3 Nc6 7. Nbd2 Nf6 8. Be2
Nh5 9. Bg3 Nxg3 10. hxg3 h6 11. O-O-O c4 12. e4 g6 13. Rde1 Be7 14. exd5 exd5
15. Nh4 Bxh4 16. Rxh4 Be6 17. Bg4 Nd8 18. Nxc4 dxc4 19. d5 Qxf2 1-0

[Event "Amagermesterskabet 2009"]
[Site "Sundbyoster"]
[Date "2009.09.01"]
[Round "1"]
[White "Justesen, Martin"]
[Black "Hansen, Benny"]
[Result "1-0"]
[WhiteElo "1557"]
[BlackElo "1218"]
[PlyCount "49"]
[EventDate "2009.??.??"]

1. e4 c5 2. Nf3 d6 3. d4 cxd4 4. Nxd4 Nf6 5. Nc3 a6 6. Bc4 Nc6 7. Be3 e5 8. Nf3
Be7 9. Qd2 Qc7 10. Nd5 Nxd5 11. Bxd5 Be6 12. O-O Bxd5 13. Qxd5 Nd8 14. c4 Ne6
15. Rfd1 O-O 16. b3 Rfd8 17. a4 Rac8 18. a5 Rd7 19. Bb6 Qc6 20. Qxc6 Rxc6 21.
Nxe5 Rxb6 22. axb6 Rd8 23. Ng4 Nc5 24. b4 Nxe4 25. Re1 1-0

[Event "Amagermesterskabet 2009"]
[Site "Sundbyoster"]
[Date "2009.09.22"]
[Round "1"]
[White "Kokholm, Daniel"]
[Black "Gade, Jens"]
[Result "1-0"]
[WhiteElo "1899"]
[BlackElo "1454"]
[PlyCount "71"]
[EventDate "2009.??.??"]

1. d4 d5 2. e4 dxe4 3. Nc3 Nf6 4. f3 exf3 5. Nxf3 e6 6. Bg5 Be7 7. Bd3 O-O 8.
O-O a6 9. Qe1 Nc6 10. Qh4 g6 11. Ne2 Nh5 12. g4 Bxg5 13. Nxg5 h6 14. Nf3 Qxh4
15. Nxh4 Ng7 16. c3 Bd7 17. Rae1 Ne7 18. Bc4 Nd5 19. Ng3 Bb5 20. Bxb5 axb5 21.
a3 g5 22. Nf3 f5 23. gxf5 exf5 24. Re5 c6 25. Rfe1 f4 26. Ne4 Ne3 27. Re7 Rab8
28. Ne5 Ngf5 29. Re6 Rbd8 30. Nf6+ Kg7 31. Nfd7 Rfe8 32. Rg6+ Kh8 33. Rf6 Kg7
34. Rf7+ Kh8 35. Nf6 Ng7 36. Ng6# 1-0

[Event "Amagermesterskabet 2009"]
[Site "Sundbyoster"]
[Date "2009.09.01"]
[Round "1"]
[White "Larsen, Kim"]
[Black "Larsen, Julie"]
[Result "0-1"]
[WhiteElo "1593"]
[BlackElo "1261"]
[PlyCount "66"]
[EventDate "2009.??.??"]

1. e4 e5 2. Nf3 Nc6 3. Bb5 Bc5 4. O-O Nge7 5. Nc3 O-O 6. d3 h6 7. Be3 Bb6 8. a3
d5 9. exd5 Nxd5 10. Qd2 Be6 11. Bxc6 bxc6 12. Nxe5 Qd6 13. Nc4 Qe7 14. Nxb6
cxb6 15. Rfe1 Rae8 16. Nxd5 Bxd5 17. Bxh6 Qf6 18. Bg5 Qd6 19. Rxe8 Rxe8 20. Re1
Rc8 21. Qe3 Qg6 22. Qh3 f5 23. Qg3 Qh5 24. Bd2 Rf8 25. Bc3 Rf7 26. Re8+ Kh7 27.
Qh3 Qxh3 28. gxh3 a5 29. Rb8 Re7 30. f4 Re2 31. Rb7 Rg2+ 32. Kf1 c5 33. Be5
Bxb7 0-1

[Event "Amagermesterskabet 2009"]
[Site "Sundbyoster"]
[Date "2009.09.01"]
[Round "1"]
[White "Moller, Arne Vagn"]
[Black "Madsen, Poul Henrik"]
[Result "0-1"]
[WhiteElo "1735"]
[BlackElo "2015"]
[PlyCount "112"]
[EventDate "2009.??.??"]

1. e4 g6 2. d4 Bg7 3. c4 d6 4. Nc3 a6 5. h3 c6 6. Be3 b5 7. Qb3 Nd7 8. Nf3 Qa5
9. Bd3 bxc4 10. Bxc4 Rb8 11. Qc2 c5 12. O-O cxd4 13. Nxd4 Bb7 14. a3 Ngf6 15.
Ba2 O-O 16. f3 Rfc8 17. Qd2 Ne5 18. Qe2 Nh5 19. Rfd1 Nc6 20. Qf2 Nxd4 21. Bxd4
Nf4 22. Bxg7 Kxg7 23. Qd4+ Kg8 24. Rd2 Qh5 25. Kh2 Rc5 26. Qf2 Bc8 27. h4 Qh6
28. Nd5 Nxd5 29. Rxd5 Rxd5 30. Bxd5 Qf4+ 31. g3 Qe5 32. Rb1 e6 33. f4 Qf6 34.
Bc4 Bb7 35. Bd3 Bc6 36. b4 Qc3 37. Rc1 Qxd3 38. Rxc6 Qxe4 39. Rxd6 Rc8 40. Rd2
Rc1 41. Rd8+ Kg7 42. Qd4+ Qxd4 43. Rxd4 Rc2+ 44. Kh3 Ra2 45. Rd3 h5 46. g4
hxg4+ 47. Kxg4 Kf6 48. Rc3 Ra1 49. Rh3 Ke7 50. Kg5 Rg1+ 51. Kh6 Kf6 52. Kh7 Rg4
53. h5 Rxf4 54. h6 g5 55. Kg8 Rd4 56. Rf3+ Kg6 0-1

[Event "Amagermesterskabet 2009"]
[Site "Sundbyoster"]
[Date "2009.09.01"]
[Round "1"]
[White "Mollmann, Erik"]
[Black "Werner, Gert"]
[Result "0-1"]
[WhiteElo "1459"]
[BlackElo "1796"]
[PlyCount "114"]
[EventDate "2009.??.??"]

1. d4 Nf6 2. c4 g6 3. Nf3 Bg7 4. Nc3 O-O 5. Bf4 d5 6. e3 c5 7. b3 cxd4 8. exd4
Nc6 9. Nb5 Bg4 10. Be2 dxc4 11. bxc4 a6 12. Nc3 Bxf3 13. Bxf3 Qxd4 14. Qxd4
Nxd4 15. Rc1 Nxf3+ 16. gxf3 Rac8 17. Ne4 Nxe4 18. fxe4 b5 19. c5 Rc6 20. Ke2
Rfc8 21. Be3 b4 22. Rhd1 Bc3 23. Rd7 Kf8 24. Rcd1 Ke8 25. Ra7 Re6 26. f3 f6 27.
Rdd7 Rb8 28. c6 Rc8 29. Bb6 f5 30. Bc5 Rcxc6 31. Bxe7 Rc8 32. Kd3 fxe4+ 33.
fxe4 h6 34. Bh4 g5 35. Bg3 Rd8 36. Rxd8+ Kxd8 37. a3 Rc6 38. axb4 Bxb4 39. Ra8+
Ke7 40. Ra7+ Kf6 41. e5+ Kf5 42. Rf7+ Kg4 43. Ke4 a5 44. Rf6 Rxf6 45. exf6 a4
46. Be5 a3 47. f7 Bf8 48. Bf6 Kh3 49. Be5 h5 50. Kd5 g4 51. Bf6 a2 52. Be5 h4
53. Kc4 g3 54. hxg3 hxg3 55. Kb3 g2 56. Bd4 g1=Q 57. Bxg1 a1=Q 0-1

[Event "Amagermesterskabet 2009"]
[Site "Sundbyoster"]
[Date "2009.09.01"]
[Round "1"]
[White "Mielow, Bjarne"]
[Black "Larsen, Ulrik Jejlskov"]
[Result "1-0"]
[WhiteElo "1621"]
[BlackElo "1541"]
[PlyCount "47"]
[EventDate "2009.??.??"]

1. e4 d5 2. exd5 Qxd5 3. Nc3 Qa5 4. d4 Nf6 5. Bd2 c6 6. Nf3 Bf5 7. h3 e6 8. Nh4
Bg6 9. Nxg6 hxg6 10. Bd3 Qc7 11. Qf3 Nbd7 12. a3 Bd6 13. Ne4 Nxe4 14. Bxe4 Nf6
15. Bd3 O-O-O 16. O-O-O Nd5 17. g3 Kb8 18. c4 Nf6 19. c5 Nd5 20. cxd6 Rxd6 21.
Bc4 c5 22. Bxd5 cxd4+ 23. Kb1 Rxd5 24. Bf4 1-0

[Event "Amagermesterskabet 2009"]
[Site "Sundbyoster"]
[Date "2009.09.01"]
[Round "1"]
[White "Nielsen, Bjorn"]
[Black "Haagen Larsen, Hans"]
[Result "0-1"]
[WhiteElo "1000"]
[BlackElo "1652"]
[PlyCount "136"]
[EventDate "2009.??.??"]

1. d4 d6 2. e3 g6 3. Nf3 Bg7 4. Bd2 Nc6 5. Bc3 f5 6. Bd3 Bd7 7. Nbd2 e5 8. e4
exd4 9. Qe2 Nge7 10. exf5 dxc3 11. bxc3 O-O 12. fxg6 Nxg6 13. O-O Re8 14. Qd1
Nce5 15. Bc4+ Be6 16. Bb3 Nxf3+ 17. Nxf3 Bxc3 18. Rb1 Qf6 19. Qd3 b6 20. Nd2
Bxd2 21. Qxd2 Bxb3 22. Rxb3 Re7 23. Qd5+ Kg7 24. Qxa8 a5 25. Qc6 Ne5 26. Rg3+
Kf7 27. Qd5+ Re6 28. Re3 c6 29. Qb3 d5 30. Qb2 Qf5 31. Qc1 Rg6 32. Rg3 b5 33.
c3 h5 34. Qe3 h4 35. Rxg6 Kxg6 36. h3 Kf6 37. Qd4 Kg6 38. Qxh4 c5 39. Qg3+ Kf6
40. Qh4+ Kg6 41. f3 Qd3 42. Qg3+ Kf5 43. Qe1 b4 44. cxb4 axb4 45. Qb1 Kf4 46.
Qxd3 Nxd3 47. g4 c4 48. Kg2 c3 49. h4 c2 50. h5 Kg5 51. Ra1 c1=Q 52. Rxc1 Nxc1
53. Kf2 Nxa2 54. Ke3 b3 55. Kd3 d4 56. Kd2 Nb4 57. Kc1 d3 58. f4+ Kxg4 59. h6
d2+ 60. Kxd2 b2 61. h7 b1=Q 62. h8=Q Qd3+ 63. Ke1 Nc2+ 64. Kf2 Qd2+ 65. Kg1
Qe1+ 66. Kg2 Ne3+ 67. Kh2 Qf2+ 68. Kh1 Qg2# 0-1

[Event "Amagermesterskabet 2009"]
[Site "Sundbyoster"]
[Date "2009.09.01"]
[Round "1"]
[White "Jensen, Thore Nyboe"]
[Black "Lunding, Peter M"]
[Result "1/2-1/2"]
[WhiteElo "1989"]
[BlackElo "1933"]
[PlyCount "81"]
[EventDate "2009.??.??"]

1. e4 e6 2. d4 d5 3. Nd2 c5 4. Ngf3 Nf6 5. exd5 exd5 6. dxc5 Bxc5 7. Nb3 Bb6 8.
Be2 O-O 9. O-O Nc6 10. Nbd4 Re8 11. c3 Ne4 12. Re1 Qf6 13. Be3 Bg4 14. Nc2 Bxe3
15. Nxe3 Bxf3 16. Bxf3 Ne5 17. Nxd5 Nxf3+ 18. Qxf3 Qxf3 19. gxf3 Ng5 20. Kg2
Kf8 21. f4 Ne6 22. Re3 Red8 23. c4 Rac8 24. Rc3 f6 25. Re1 Nd4 26. Ree3 Nf5 27.
Red3 Kf7 28. b3 Rd7 29. Ne3 Nd4 30. c5 Rcd8 31. b4 a6 32. a4 Kf8 33. Rc1 Ne2
34. Rxd7 Rxd7 35. Rd1 Rxd1 36. Nxd1 Nxf4+ 37. Kf3 Nd3 38. b5 Nxc5 39. Nc3 Ke7
40. bxa6 bxa6 41. Ke3 1/2-1/2

[Event "Amagermesterskabet 2009"]
[Site "Sundbyoster"]
[Date "2009.09.22"]
[Round "1"]
[White "Sorensen, Rikke"]
[Black "Andersen, Henrik Hauge"]
[Result "0-1"]
[WhiteElo "1300"]
[BlackElo "1731"]
[PlyCount "50"]
[EventDate "2009.??.??"]

1. d4 d5 2. c4 e6 3. Nf3 Nf6 4. e3 Be7 5. Bd2 O-O 6. Nc3 b6 7. Bd3 Ba6 8. Ne5
c5 9. b3 cxd4 10. exd4 dxc4 11. Bxc4 Qxd4 12. Qe2 Bxc4 13. bxc4 Rd8 14. Nf3 Qd3
15. O-O Bb4 16. Qxd3 Rxd3 17. Rac1 Nc6 18. Rfd1 Rad8 19. Nb1 Ne4 20. Rc2 Nd4
21. Rb2 Nxf3+ 22. gxf3 Nxd2 23. Nxd2 Bxd2 24. Rbxd2 Rxd2 25. Rxd2 Rxd2 0-1

[Event "Amagermesterskabet 2009"]
[Site "Sundbyoster"]
[Date "2009.09.01"]
[Round "1"]
[White "Varming, Thomas"]
[Black "Svensson, John Michael"]
[Result "1-0"]
[WhiteElo "1760"]
[BlackElo "1514"]
[PlyCount "91"]
[EventDate "2009.??.??"]

1. d4 Nf6 2. c4 d6 3. Nc3 Bf5 4. f3 g6 5. e4 Bc8 6. Be3 Bg7 7. Nge2 Nbd7 8. g4
c5 9. Ng3 O-O 10. g5 Ne8 11. Qd2 cxd4 12. Bxd4 Ne5 13. Be2 Bh3 14. f4 Nc6 15.
Bxg7 Nxg7 16. O-O-O Qa5 17. Kb1 f5 18. Qd5+ e6 19. Qxa5 Nxa5 20. exf5 Nxf5 21.
Nge4 Bg2 22. Rhg1 Bxe4+ 23. Nxe4 Rad8 24. b3 Nc6 25. Nf6+ Kg7 26. Rd3 Ncd4 27.
Bg4 h5 28. Bxf5 Nxf5 29. Ne4 d5 30. Nc5 Rde8 31. cxd5 exd5 32. Rxd5 Rf7 33. Rd7
Ree7 34. Rgd1 b6 35. Rxe7 Rxe7 36. Nd3 Rd7 37. Nf2 Rxd1+ 38. Nxd1 Kf7 39. Kc2
Ke6 40. Kd3 Nd6 41. Ne3 a6 42. Nc4 b5 43. Nxd6 Kxd6 44. Ke4 Ke6 45. b4 h4 46.
h3 1-0

[Event "Amagermesterskabet 2009"]
[Site "Sundbyoster"]
[Date "2009.09.08"]
[Round "2"]
[White "Andersen, Henrik Hauge"]
[Black "Kokholm, Daniel"]
[Result "1-0"]
[WhiteElo "1731"]
[BlackElo "1899"]
[PlyCount "39"]
[EventDate "2009.??.??"]

1. e4 d5 2. exd5 Qxd5 3. Nc3 Qa5 4. d4 c6 5. Bd2 Qb6 6. Nf3 Qxb2 7. Bc4 b5 8.
Rb1 Qa3 9. Nxb5 cxb5 10. Bd5 Nf6 11. Bxa8 a6 12. O-O Qxa2 13. Bf4 Nbd7 14. Bc6
e6 15. Ra1 Qc4 16. Ne5 Qc3 17. d5 Nxd5 18. Bxd7+ Bxd7 19. Rxa6 Bc8 20. Rc6 1-0

[Event "Amagermesterskabet 2009"]
[Site "Sundbyoster"]
[Date "2009.09.08"]
[Round "2"]
[White "Falkesgaard, Jorgen"]
[Black "Sorensen, Rikke"]
[Result "1-0"]
[WhiteElo "1773"]
[BlackElo "1300"]
[PlyCount "37"]
[EventDate "2009.??.??"]

1. e4 e5 2. Nf3 Nc6 3. Bb5 a6 4. Ba4 Bc5 5. O-O Nf6 6. c3 Nxe4 7. d4 Bd6 8.
dxe5 Nxe5 9. Nxe5 Bxe5 10. Bc2 Nf6 11. Re1 d6 12. f4 Bg4 13. Qd3 Qe7 14. fxe5
dxe5 15. Bg5 Bd7 16. Nd2 O-O-O 17. Qe3 h6 18. Qa7 hxg5 19. Qa8# 1-0

[Event "Amagermesterskabet 2009"]
[Site "Sundbyoster"]
[Date "2009.09.08"]
[Round "2"]
[White "Gade, Jens"]
[Black "Friis, Jordy"]
[Result "1-0"]
[WhiteElo "1454"]
[BlackElo "1548"]
[PlyCount "105"]
[EventDate "2009.??.??"]

1. f4 c5 2. Nf3 Nf6 3. e3 g6 4. Be2 Bg7 5. O-O O-O 6. Nc3 d6 7. d3 Nc6 8. Bd2
Rb8 9. Rb1 b5 10. a3 a5 11. Qe1 b4 12. axb4 axb4 13. Nd1 Bd7 14. Nf2 Ra8 15. c4
Qb6 16. b3 Ra2 17. h3 Rfa8 18. Bc1 Ne8 19. Qd1 Qa7 20. g4 Ra1 21. Rxa1 Qxa1 22.
Bd2 Qa2 23. Qb1 Ra3 24. Qxa2 Rxa2 25. Rb1 Nf6 26. Kf1 d5 27. Ke1 Bc8 28. g5 Nd7
29. cxd5 Na5 30. e4 Nb6 31. d4 c4 32. Bxb4 cxb3 33. Bxa5 Rxa5 34. Rxb3 Nd7 35.
Kd2 Ra2+ 36. Ke3 Ra7 37. Bc4 Ra4 38. Bb5 Ra7 39. Bxd7 Bxd7 40. Ne5 Bxe5 41.
dxe5 Kg7 42. h4 f6 43. exf6+ exf6 44. Nd3 Bg4 45. Nc5 fxg5 46. fxg5 Bc8 47. e5
Ra5 48. Kd4 Ra2 49. e6 Rh2 50. Ke5 Rxh4 51. Rf3 Rg4 52. e7 Rxg5+ 53. Kd6 1-0

[Event "Amagermesterskabet 2009"]
[Site "Sundbyoster"]
[Date "2009.09.08"]
[Round "2"]
[White "Hansen, Benny"]
[Black "Nielsen, Bjorn"]
[Result "1-0"]
[WhiteElo "1218"]
[BlackElo "1000"]
[PlyCount "91"]
[EventDate "2009.??.??"]

1. e4 e5 2. Nf3 Nc6 3. d3 Nf6 4. Be2 Bc5 5. Nc3 O-O 6. a3 d6 7. b4 Bb6 8. Bb2
a6 9. Qd2 Ne7 10. h3 Ng6 11. Nd5 Ba7 12. O-O c6 13. Nxf6+ Qxf6 14. Qg5 Nf4 15.
Bd1 Qg6 16. Bc1 Qxg5 17. Nxg5 Ng6 18. Kh2 f6 19. Nf3 Be6 20. Be3 Bb8 21. Nd2 d5
22. Nb3 d4 23. Nc5 Bc8 24. Bd2 b6 25. Nb3 Be6 26. g3 Bxb3 27. cxb3 b5 28. Bh5
Ne7 29. f4 Bc7 30. f5 Ra7 31. Rac1 Rfa8 32. Bd1 a5 33. g4 Ra6 34. g5 Bd8 35.
gxf6 gxf6 36. Rg1+ Kf8 37. Bh5 Ng6 38. fxg6 hxg6 39. Rxg6 Ke7 40. Rg7+ Ke6 41.
bxa5 R8a7 42. Bg4+ Kd6 43. Bb4+ c5 44. Bxc5+ Kc6 45. Bxa7+ Kd6 46. Rd7# 1-0

[Event "Amagermesterskabet 2009"]
[Site "Sundbyoster"]
[Date "2009.09.10"]
[Round "2"]
[White "Haagen Larsen, Hans"]
[Black "Varming, Thomas"]
[Result "0-1"]
[WhiteElo "1652"]
[BlackElo "1760"]
[PlyCount "84"]
[EventDate "2009.??.??"]

1. e4 c6 2. d4 d5 3. exd5 cxd5 4. c4 Nf6 5. Nc3 Nc6 6. Nf3 Bg4 7. Be3 e6 8. c5
Be7 9. Be2 O-O 10. O-O b6 11. Qa4 Rc8 12. Ba6 Bxf3 13. gxf3 e5 14. Bxc8 Qxc8
15. cxb6 axb6 16. dxe5 Nxe5 17. Qf4 Ng6 18. Qg3 Rd8 19. Nb5 d4 20. Bxd4 Rd5 21.
Rac1 Qf5 22. Bxf6 Qxf6 23. Rc8+ Bf8 24. f4 Nxf4 25. Kh1 Rxb5 26. Qa3 Ne6 27.
Rfc1 g6 28. R1c6 Rc5 29. Rxc5 bxc5 30. Kg2 Kg7 31. Qc3 Nd4 32. a4 Bd6 33. Re8
Qg5+ 34. Kf1 Qd5 35. f3 Be5 36. Kf2 Bf6 37. Rc8 Ne6 38. Qc2 Bd4+ 39. Kg2 Nf4+
40. Kf1 Qxf3+ 41. Ke1 Ng2+ 42. Kd2 Qe3+ 0-1

[Event "Amagermesterskabet 2009"]
[Site "Sundbyoster"]
[Date "2009.09.08"]
[Round "2"]
[White "Larsen, Kim"]
[Black "Mollmann, Erik"]
[Result "0-1"]
[WhiteElo "1593"]
[BlackElo "1459"]
[PlyCount "98"]
[EventDate "2009.??.??"]

1. d4 d5 2. Nf3 Nc6 3. c4 Bg4 4. e3 e6 5. Nc3 Nf6 6. b3 Ne4 7. Bb2 Bb4 8. Rc1
Qe7 9. Be2 Nxc3 10. Bxc3 Ba3 11. Rb1 Nb4 12. Qd2 Bf5 13. O-O Bxb1 14. Rxb1 O-O
15. c5 a5 16. Bb5 b6 17. cxb6 cxb6 18. Rd1 Rac8 19. Ne1 Rc7 20. Bb2 Bxb2 21.
Qxb2 Nc6 22. f4 Na7 23. Bd3 Rc6 24. g3 Rfc8 25. Kf2 Rc3 26. Bc4 Rxe3 27. Kxe3
dxc4 28. bxc4 Rxc4 29. Qxb6 Nc6 30. Qb3 Rb4 31. Qc3 Rb6 32. Nc2 h6 33. Rc1 Qa7
34. Na3 Ne7 35. Kd2 Qb7 36. Rc2 Qg2+ 37. Kd3 Qf3+ 38. Kd2 Qf2+ 39. Kd3 Qf1+ 40.
Kd2 Nd5 41. Qc8+ Kh7 42. Qc4 Qf2+ 43. Qe2 Qxd4+ 44. Ke1 Qb4+ 45. Kf1 Qxa3 46.
Qe4+ f5 47. Qd4 Qf3+ 48. Ke1 Rb1+ 49. Kd2 Qd1# 0-1

[Event "Amagermesterskabet 2009"]
[Site "Sundbyoster"]
[Date "2009.09.08"]
[Round "2"]
[White "Larsen, Ulrik Jejlskov"]
[Black "Moller, Arne Vagn"]
[Result "1/2-1/2"]
[WhiteElo "1541"]
[BlackElo "1735"]
[PlyCount "96"]
[EventDate "2009.??.??"]

1. d4 Nf6 2. Nf3 e6 3. Bf4 b6 4. e3 Bb7 5. Bd3 Be7 6. h3 d6 7. Qe2 O-O 8. c4
Nbd7 9. Nc3 Re8 10. O-O Nf8 11. e4 Ng6 12. Bh2 a6 13. Rad1 Nd7 14. Rfe1 Ndf8
15. e5 Qc8 16. Be4 dxe5 17. Bxb7 Qxb7 18. dxe5 Red8 19. Rxd8 Rxd8 20. Rd1 Rxd1+
21. Qxd1 Qc6 22. Qd4 b5 23. cxb5 axb5 24. Qe4 Qa6 25. a3 b4 26. axb4 Qa1+ 27.
Qb1 Qxb1+ 28. Nxb1 Bxb4 29. Kf1 Nd7 30. Ke2 Kf8 31. Nbd2 Nb6 32. Kd3 Nd5 33.
Ke4 Bc5 34. Nd4 Ke7 35. Nc4 Kd7 36. g3 f5+ 37. exf6 Nxf6+ 38. Kd3 e5 39. Nf5
Bxf2 40. Nxg7 Bc5 41. Nf5 Ke6 42. Nfe3 Bd4 43. Bg1 Nh5 44. Bf2 Ne7 45. Be1 Nc6
46. Ke4 Nf6+ 47. Kd3 h5 48. g4 hxg4 1/2-1/2

[Event "Amagermesterskabet 2009"]
[Site "Sundbyoster"]
[Date "2009.09.08"]
[Round "2"]
[White "Lunding, Peter M"]
[Black "Larsen, Julie"]
[Result "1-0"]
[WhiteElo "1933"]
[BlackElo "1261"]
[PlyCount "37"]
[EventDate "2009.??.??"]

1. d4 d5 2. Nf3 Nc6 3. g3 Nf6 4. Bg2 Bf5 5. O-O e6 6. c3 Bd6 7. Nbd2 O-O 8. Nh4
Ne7 9. f3 e5 10. e4 Be6 11. f4 exf4 12. e5 Bxe5 13. dxe5 Ng4 14. Ndf3 fxg3 15.
hxg3 c6 16. Qd4 Qc8 17. Ng5 Bf5 18. Nxf5 Nxf5 19. Qxg4 1-0

[Event "Amagermesterskabet 2009"]
[Site "Sundbyoster"]
[Date "2009.09.08"]
[Round "2"]
[White "Madsen, Poul Henrik"]
[Black "Justesen, Martin"]
[Result "1-0"]
[WhiteElo "2015"]
[BlackElo "1557"]
[PlyCount "65"]
[EventDate "2009.??.??"]

1. d4 Nf6 2. Nf3 d5 3. e3 e6 4. Bd3 c5 5. b3 Nbd7 6. Bb2 Bd6 7. Nbd2 O-O 8. Ne5
cxd4 9. exd4 Qc7 10. f4 Bb4 11. O-O Bc3 12. Qc1 Ne8 13. Rf3 Bxb2 14. Qxb2 f6
15. Nxd7 Bxd7 16. c4 Bc6 17. c5 Qf7 18. b4 a6 19. a4 Nc7 20. Qc2 f5 21. Rff1
Qf6 22. Nf3 g6 23. Qe2 Rfe8 24. b5 axb5 25. axb5 Bd7 26. b6 Na6 27. Bxa6 bxa6
28. Rxa6 Rab8 29. Ne5 Bc8 30. Ra7 Bb7 31. Qb5 Re7 32. Rfa1 Qf8 33. c6 1-0

[Event "Amagermesterskabet 2009"]
[Site "Sundbyoster"]
[Date "2009.09.08"]
[Round "2"]
[White "Nielsen, Mogens Bach"]
[Black "Jensen, Thore Nyboe"]
[Result "0-1"]
[WhiteElo "1831"]
[BlackElo "1989"]
[PlyCount "94"]
[EventDate "2009.??.??"]

1. c4 f5 2. d4 Nf6 3. g3 g6 4. Bg2 Bg7 5. Nc3 O-O 6. Nf3 d6 7. O-O c6 8. d5 e5
9. Bg5 h6 10. Bxf6 Bxf6 11. e4 f4 12. Nd2 h5 13. h3 Kg7 14. Kh2 Rh8 15. Bf3 Qd7
16. Bg2 g5 17. f3 fxg3+ 18. Kxg3 Qe7 19. Rh1 Nd7 20. Nf1 Nf8 21. Ne3 Ng6 22.
Kf2 Nf4 23. Ne2 h4 24. Qd2 Qc7 25. Nxf4 exf4 26. Ng4 Qb6+ 27. Ke2 Qxb2 28. Nxf6
Qxd2+ 29. Kxd2 Kxf6 30. Rhc1 b6 31. Rab1 Rh7 32. Rc3 Rc7 33. a4 Bd7 34. Ra3
cxd5 35. cxd5 Rac8 36. Rb2 Rc5 37. Bf1 R8c7 38. Raa2 Ke5 39. Ra3 Rc1 40. Bg2
R7c5 41. Kd3 Rd1+ 42. Ke2 Rdc1 43. Kd3 Bc8 44. Ke2 Ba6+ 45. Kf2 R5c2+ 46. Rxc2
Rxc2+ 47. Kg1 Bc4 0-1

[Event "Amagermesterskabet 2009"]
[Site "Sundbyoster"]
[Date "2009.09.22"]
[Round "2"]
[White "Petersen, Nils"]
[Black "Hestehauge, Klaus"]
[Result "1/2-1/2"]
[WhiteElo "1845"]
[BlackElo "1925"]
[PlyCount "58"]
[EventDate "2009.??.??"]

1. c4 g6 2. Nc3 Bg7 3. d4 d6 4. e4 e5 5. dxe5 Bxe5 6. Nf3 Nc6 7. Nxe5 Nxe5 8.
Be2 Be6 9. O-O Qd7 10. b3 Ne7 11. Nd5 O-O-O 12. Nf6 Qc6 13. Be3 Ng8 14. Nd5 b6
15. a4 Bxd5 16. exd5 Qb7 17. a5 Kb8 18. axb6 cxb6 19. f4 Nd7 20. Bd4 Ngf6 21.
f5 Rhf8 22. Bf3 Ne5 23. Bxe5 dxe5 24. Qd3 Qe7 25. Rae1 Rfe8 26. Be4 g5 27. g3
Nxe4 28. Qxe4 Qc5+ 29. Qe3 Qxe3+ 1/2-1/2

[Event "Amagermesterskabet 2009"]
[Site "Sundbyoster"]
[Date "2009.09.08"]
[Round "2"]
[White "Svensson, John Michael"]
[Black "Andreasen, Rene"]
[Result "1/2-1/2"]
[WhiteElo "1514"]
[BlackElo "1769"]
[PlyCount "46"]
[EventDate "2009.??.??"]

1. d4 Nf6 2. Nf3 d5 3. e3 e6 4. c4 c6 5. Nc3 Bd6 6. c5 Bc7 7. a3 Nbd7 8. Bd3
Qe7 9. O-O O-O 10. e4 dxe4 11. Nxe4 Nxe4 12. Bxe4 Rd8 13. Qc2 h6 14. Re1 Qf6
15. b4 Qe7 16. Bb2 Nf6 17. Bd3 Nd5 18. g3 Bd7 19. Re2 Qf6 20. Ne5 Qg5 21. Bc1
Qe7 22. Bh7+ Kh8 23. Bd3 Kg8 1/2-1/2

[Event "Amagermesterskabet 2009"]
[Site "Sundbyoster"]
[Date "2009.09.08"]
[Round "2"]
[White "Werner, Gert"]
[Black "Mielow, Bjarne"]
[Result "1-0"]
[WhiteElo "1796"]
[BlackElo "1621"]
[PlyCount "77"]
[EventDate "2009.??.??"]

1. Nf3 Nf6 2. g3 g6 3. c4 Bg7 4. Nc3 d6 5. d4 c6 6. Bg2 O-O 7. O-O Nbd7 8. e4
e5 9. h3 exd4 10. Nxd4 Ne5 11. b3 Re8 12. f4 Ned7 13. Kh2 Nc5 14. Re1 a6 15.
Ba3 Qa5 16. Bb2 Qc7 17. Qd2 Qa5 18. a3 Qd8 19. Rad1 Qc7 20. b4 Ne6 21. Nc2 Rd8
22. f5 Nf8 23. e5 Ne8 24. f6 Bh8 25. c5 d5 26. Ne4 Be6 27. Ng5 Qd7 28. Nd4 Nc7
29. Qf4 Rab8 30. Bc1 b6 31. cxb6 Rxb6 32. Be3 Rb7 33. Nb3 Qe8 34. Bc5 Bf5 35.
Bxf8 Qxf8 36. Nd4 Bd7 37. Rc1 Qe8 38. Qh4 h5 39. g4 1-0

[Event "Amagermesterskabet 2009"]
[Site "Sundbyoster"]
[Date "2009.09.15"]
[Round "3"]
[White "Andreasen, Rene"]
[Black "Larsen, Ulrik Jejlskov"]
[Result "1/2-1/2"]
[WhiteElo "1769"]
[BlackElo "1541"]
[PlyCount "48"]
[EventDate "2009.??.??"]

1. d4 Nf6 2. Nf3 g6 3. e3 Bg7 4. Bd3 d6 5. O-O O-O 6. Nbd2 Nbd7 7. c3 Re8 8.
Ng5 c5 9. Nge4 b6 10. Qf3 Rb8 11. Nxf6+ Nxf6 12. Ne4 Bb7 13. Nxf6+ exf6 14. Qd1
f5 15. Be2 Re6 16. Bf3 Be4 17. Bxe4 fxe4 18. Qc2 c4 19. Qa4 Qc7 20. Qb5 Rc8 21.
Qg5 Rf6 22. Bd2 Rf5 23. Qg4 d5 24. g3 h5 1/2-1/2

[Event "Amagermesterskabet 2009"]
[Site "Sundbyoster"]
[Date "2009.09.15"]
[Round "3"]
[White "Gade, Jens"]
[Black "Jensen, Thore Nyboe"]
[Result "0-1"]
[WhiteElo "1454"]
[BlackElo "1989"]
[PlyCount "62"]
[EventDate "2009.??.??"]

1. f4 d5 2. Nf3 g6 3. e3 Bg7 4. Be2 c5 5. O-O Nc6 6. d4 cxd4 7. exd4 Nf6 8. Ne5
Ne4 9. c3 Qb6 10. Qb3 f6 11. Qxb6 axb6 12. Nf3 Nd6 13. Nbd2 b5 14. b3 b4 15.
Bb2 bxc3 16. Bxc3 Bf5 17. Rfc1 b6 18. a4 Kd7 19. h3 Bh6 20. g4 Be6 21. g5 Bg7
22. h4 h6 23. Bd3 Bf5 24. Bxf5+ Nxf5 25. Kf2 hxg5 26. hxg5 fxg5 27. Rg1 Ncxd4
28. Ne5+ Bxe5 29. fxe5 Raf8 30. Rac1 Rh2+ 31. Ke1 Re2+ 0-1